[Event "Budapest FS12 FM-B"]
[Site "Budapest"]
[Date "2009.12.14"]
[Round "10"]
[White "Della Rossa, Anastasia"]
[Black "Molnar, Marton"]
[Result "1/2-1/2"]
[WhiteElo "1948"]
[BlackElo "1947"]
[PlyCount "60"]
[EventDate "2009.12.05"]
[EventType "tourn"]
[EventRounds "11"]
[EventCountry "HUN"]
[SourceTitle "CBM 133 Extra"]
[Source "ChessBase"]
[SourceDate "2010.01.05"]
[SourceVersion "1"]
[SourceVersionDate "2010.01.05"]
[SourceQuality "1"]

1. d4 Nf6 2. c4 g6 3. g3 Bg7 4. Bg2 c5 5. e3 0-0 6. Ne2 d6 7. Nbc3 Nc6 8. 0-0 Bg4 9. h3 Bd7 10. Kh2 Qc8 11. Bd2 Rb8 12. Rc1 g5 13. Nd5 Re8 14. Nxf6+ Bxf6 15. Bc3 Rd8 16. dxc5 Bxc3 17. Nxc3 dxc5 18. Qh5 f6 19. f4 Be8 20. Qh6 g4 21. Be4 Rd2+ 22. Kg1 f5 23. Bd5+ Bf7 24. Bxf7+ Kxf7 25. Qxh7+ Kf8 26. hxg4 fxg4 27. Rf2 Rxf2 28. Kxf2 Qe6 29. Nd5 b5 30. e4 bxc4 1/2-1/2

[Event "Budapest FS12 FM-B"]
[Site "Budapest"]
[Date "2009.12.13"]
[Round "9"]
[White "Yip, Michael"]
[Black "Della Rossa, Anastasia"]
[Result "1/2-1/2"]
[WhiteElo "2004"]
[BlackElo "1948"]
[PlyCount "65"]
[EventDate "2009.12.05"]
[EventType "tourn"]
[EventRounds "11"]
[EventCountry "HUN"]
[SourceTitle "CBM 133 Extra"]
[Source "ChessBase"]
[SourceDate "2010.01.05"]
[SourceVersion "1"]
[SourceVersionDate "2010.01.05"]
[SourceQuality "1"]

1. c4 e5 2. Nc3 Nc6 3. g3 g6 4. Bg2 Bg7 5. e4 d6 6. Nge2 Nge7 7. 0-0 0-0 8. d3 Nb8 9. d4 exd4 10. Nxd4 Nbc6 11. Be3 Ne5 12. b3 Ng4 13. Bg5 h6 14. Bc1 c5 15. Nde2 Nc6 16. h3 Nf6 17. Be3 Re8 18. Rc1 a6 19. Qd2 Kh7 20. Rcd1 Bf8 21. f3 Be6 22. Nd5 Bxd5 23. cxd5 Ne5 24. f4 Ned7 25. Qc2 Qe7 26. Nc3 b5 27. e5 dxe5 28. d6 Qd8 29. Bxa8 Qxa8 30. fxe5 Rxe5 31. Bf4 Re6 32. Rfe1 Qe8 33. Rxe6 1/2-1/2

[Event "Budapest FS12 FM-B"]
[Site "Budapest"]
[Date "2009.12.09"]
[Round "5"]
[White "Kantor, Gergely"]
[Black "Della Rossa, Anastasia"]
[Result "1-0"]
[WhiteElo "1836"]
[BlackElo "1948"]
[PlyCount "119"]
[EventDate "2009.12.05"]
[EventType "tourn"]
[EventRounds "11"]
[EventCountry "HUN"]
[SourceTitle "CBM 133 Extra"]
[Source "ChessBase"]
[SourceDate "2010.01.05"]
[SourceVersion "1"]
[SourceVersionDate "2010.01.05"]
[SourceQuality "1"]

1. d4 Nf6 2. c4 c5 3. d5 e5 4. Nc3 d6 5. e4 Be7 6. Nf3 Nbd7 7. Be2 Nf8 8. h3 Ng6 9. 0-0 h5 10. Re1 h4 11. a3 Nh7 12. b4 b6 13. Be3 Ng5 14. Qd2 Nh7 15. Rab1 Nf6 16. Rb2 Nh5 17. bxc5 bxc5 18. Reb1 Ngf4 19. Bd1 Bd7 20. Rb7 0-0 21. Bc2 Bc8 22. R7b2 g5 23. Kh2 g4 24. hxg4 Bxg4 25. Rg1 Kh8 26. Bd1 Rg8 27. Bxc5 Qc8 28. Nxe5 dxc5 29. Bxg4 Rxg4 30. Nxg4 Qxg4 31. e5 Bg5 32. Ne4 Rg8 33. Nxg5 Qxg5 34. Qe3 Ng3 35. Rbb1 Nge2 36. d6 Nxg1 37. Rxg1 Ne6 38. Qxg5 Rxg5 39. Rb1 Nf4 40. g3 hxg3+ 41. fxg3 Ne6 42. Rb7 Rxe5 43. Rxf7 Rh5+ 44. Kg2 Rh7 45. Rf6 Nd4 46. Rf8+ Kg7 47. d7 Ne6 48. Re8 Rh8 49. Rxe6 Rd8 50. Rd6 Kf7 51. g4 Ke7 52. Rd5 a6 53. Kg3 Ke6 54. g5 Ke7 55. Kg4 Ke6 56. Kh5 a5 57. Kh6 a4 58. g6 Rh8+ 59. Kg7 Rh1 60. Rd6+ 1-0

[Event "Voronezh op-A 13th"]
[Site "Voronezh"]
[Date "2009.06.13"]
[Round "2"]
[White "Zakharchenko, Arnold"]
[Black "Della Rossa, Anastasia"]
[Result "1-0"]
[WhiteElo "2315"]
[BlackElo "1967"]
[PlyCount "75"]
[EventDate "2009.06.12"]
[EventType "swiss"]
[EventRounds "9"]
[EventCountry "RUS"]
[SourceTitle "CBM 130 Extra"]
[Source "ChessBase"]
[SourceDate "2009.07.02"]
[SourceVersion "2"]
[SourceVersionDate "2009.07.15"]
[SourceQuality "1"]

1. d4 Nf6 2. c4 c5 3. d5 b5 4. cxb5 a6 5. bxa6 Bxa6 6. Nc3 d6 7. g3 g6 8. Bg2 Bg7 9. Nf3 Nbd7 10. Rb1 0-0 11. 0-0 Ng4 12. Qc2 Bb7 13. Rd1 Qa5 14. Bd2 Nge5 15. b3 Qa6 16. a4 Rfc8 17. h4 c4 18. Nxe5 cxb3 19. Qxb3 Nc5 20. Qc4 Bxe5 21. Qg4 Rcb8 22. Rb5 Bc8 23. Qb4 Rb7 24. Rxb7 Bxb7 25. Rb1 Bxc3 26. Qxc3 Nxa4 27. Qc7 Nc5 28. Qxe7 Qa2 29. Rxb7 Nxb7 30. Qxb7 Re8 31. Qb5 Re7 32. Qd3 Qa1+ 33. Kh2 Rc7 34. Bf4 Qf6 35. Qa6 Rd7 36. Qc6 Qd8 37. Bg5 Qe8 38. Bf6 1-0

[Event "Voronezh op-A 13th"]
[Site "Voronezh"]
[Date "2009.06.12"]
[Round "1"]
[White "Della Rossa, Anastasia"]
[Black "Stukopin, Andrey"]
[Result "0-1"]
[WhiteElo "1967"]
[BlackElo "2380"]
[PlyCount "74"]
[EventDate "2009.06.12"]
[EventType "swiss"]
[EventRounds "9"]
[EventCountry "RUS"]
[SourceTitle "CBM 130 Extra"]
[Source "ChessBase"]
[SourceDate "2009.07.02"]
[SourceVersion "2"]
[SourceVersionDate "2009.07.15"]
[SourceQuality "1"]

1. d4 d5 2. c4 dxc4 3. e4 Nf6 4. Nc3 e5 5. d5 Bd6 6. Bxc4 0-0 7. Nge2 a6 8. a4 Qe7 9. 0-0 Nh5 10. Ng3 Nxg3 11. hxg3 f5 12. Qh5 g6 13. Qh6 Nd7 14. exf5 gxf5 15. Qe6+ Qf7 16. Bh6 Re8 17. Qxf7+ Kxf7 18. g4 f4 19. Ne4 Nc5 20. Nxc5 Bxc5 21. g5 Kg6 22. Rac1 Bd6 23. g3 Bf5 24. Rcd1 Re7 25. Be2 Bh3 26. Rfe1 e4 27. Kh2 Bd7 28. b3 f3 29. Bf1 Rae8 30. Bh3 Bxh3 31. Kxh3 e3 32. fxe3 Rxe3 33. Rf1 Rxb3 34. Rf2 Re2 35. Rdf1 Rxf2 36. Rxf2 Be5 37. Rf1 f2 0-1

[Event "Nezhmetdinov Memorial 31st"]
[Site "Kazan"]
[Date "2009.06.08"]
[Round "9"]
[White "Della Rossa, Anastasia"]
[Black "Rodchenkov, Vitaly"]
[Result "0-1"]
[WhiteElo "1967"]
[BlackElo "2412"]
[PlyCount "88"]
[EventDate "2009.05.31"]
[EventType "swiss"]
[EventRounds "9"]
[EventCountry "RUS"]
[SourceTitle "CBM 130 Extra"]
[Source "ChessBase"]
[SourceDate "2009.07.02"]
[SourceVersion "2"]
[SourceVersionDate "2009.07.15"]
[SourceQuality "1"]

1. d4 d6 2. c4 g6 3. g3 Bg7 4. Bg2 Nh6 5. Nc3 0-0 6. e3 f5 7. Nge2 e5 8. dxe5 dxe5 9. Qxd8 Rxd8 10. e4 c6 11. Bg5 Rd3 12. 0-0 Be6 13. b3 Nf7 14. Bc1 Na6 15. Bb2 Rad8 16. Rad1 Nb4 17. a3 Rxd1 18. Rxd1 Nd3 19. Bc1 Bf8 20. Be3 Bxa3 21. Ra1 Bc5 22. Bxc5 Nxc5 23. Rxa7 Nd6 24. exf5 gxf5 25. b4 Nc8 26. Ra8 Nb3 27. Ra3 Bxc4 28. Bh3 Nd4 29. Nxd4 exd4 30. Nb1 Nd6 31. Nd2 Bb5 32. Rf3 Re8 33. Rf4 Ne4 34. Nxe4 fxe4 35. Bf5 e3 36. fxe3 dxe3 37. Re4 Rxe4 38. Bxe4 Bc4 39. Bf5 Kg7 40. Bg4 Kf6 41. Kg2 Ke5 42. Kf3 Kd4 43. Bc8 Kd3 44. Bf5+ Kd2 0-1

[Event "Nezhmetdinov Memorial 31st"]
[Site "Kazan"]
[Date "2009.06.01"]
[Round "2"]
[White "Balashov, Yuri S"]
[Black "Della Rossa, Anastasia"]
[Result "1-0"]
[WhiteElo "2401"]
[BlackElo "1967"]
[PlyCount "47"]
[EventDate "2009.05.31"]
[EventType "swiss"]
[EventRounds "9"]
[EventCountry "RUS"]
[SourceTitle "CBM 130 Extra"]
[Source "ChessBase"]
[SourceDate "2009.07.02"]
[SourceVersion "2"]
[SourceVersionDate "2009.07.15"]
[SourceQuality "1"]

1. d4 c5 2. d5 e5 3. Nc3 d6 4. e4 Be7 5. Nf3 f5 6. Bb5+ Bd7 7. Bxd7+ Nxd7 8. exf5 Ngf6 9. Ng5 Qa5 10. Ne6 Kf7 11. 0-0 g6 12. Qf3 Rag8 13. Ne4 h6 14. c4 g5 15. Bd2 Qb6 16. Bc3 g4 17. Qd3 Nxe4 18. Qxe4 Bh4 19. f4 Nf6 20. Qe2 g3 21. fxe5 gxh2+ 22. Kh1 Ng4 23. Nf4 dxe5 24. Ng6 1-0

[Event "EU-ch (Women) 10th"]
[Site "St Petersburg"]
[Date "2009.03.14"]
[Round "7"]
[White "Bogumil, Tatiana"]
[Black "Della Rossa, Anastasia"]
[Result "1/2-1/2"]
[WhiteElo "2218"]
[BlackElo "1868"]
[PlyCount "93"]
[EventDate "2009.03.08"]
[EventType "swiss"]
[EventRounds "11"]
[EventCountry "RUS"]
[SourceTitle "CBM 129 Extra"]
[Source "ChessBase"]
[SourceDate "2009.05.05"]
[SourceVersion "2"]
[SourceVersionDate "2009.05.20"]
[SourceQuality "1"]

1. d4 Nf6 2. Nf3 c5 3. c4 cxd4 4. Nxd4 Nc6 5. Nc3 g6 6. g3 Bg7 7. Bg2 a6 8. 0-0 Qc7 9. c5 0-0 10. Na4 e5 11. Nb3 Rd8 12. Nb6 Rb8 13. Bg5 Rf8 14. Rc1 h6 15. Bxf6 Bxf6 16. Nd5 Qd8 17. Nxf6+ Qxf6 18. Qd6 Qxd6 19. cxd6 Nd8 20. f4 exf4 21. gxf4 f5 22. Bd5+ Kg7 23. e4 fxe4 24. Nc5 e3 25. Nxd7 Bxd7 26. Rc7 Nf7 27. Rxd7 Rbd8 28. Rxb7 Rxd6 29. Bc4 Rf6 30. Ra7 a5 31. b3 Kh8 32. Rxa5 Nd6 33. Bd3 Rxf4 34. Rxf4 Rxf4 35. Re5 Rf2 36. Rxe3 Rxa2 37. Bxg6 Rb2 38. h4 Kg7 39. h5 Kf6 40. Kf1 Nb7 41. Be4 Nc5 42. Bd5 Kg5 43. Rc3 Na6 44. Bf7 Nb4 45. Ke1 Kf6 46. Rf3+ Kg5 47. Kd1 1/2-1/2

[Event "EU-ch (Women) 10th"]
[Site "St Petersburg"]
[Date "2009.03.13"]
[Round "6"]
[White "Della Rossa, Anastasia"]
[Black "Avdeenko, Tatiana"]
[Result "1/2-1/2"]
[WhiteElo "1868"]
[BlackElo "2168"]
[PlyCount "67"]
[EventDate "2009.03.08"]
[EventType "swiss"]
[EventRounds "11"]
[EventCountry "RUS"]
[SourceTitle "CBM 129 Extra"]
[Source "ChessBase"]
[SourceDate "2009.05.05"]
[SourceVersion "2"]
[SourceVersionDate "2009.05.20"]
[SourceQuality "1"]

1. e4 d6 2. d4 Nf6 3. f3 e5 4. dxe5 dxe5 5. Qxd8+ Kxd8 6. Bc4 Ke8 7. Be3 c6 8. c3 Nbd7 9. Kd2 Bc5 10. Bxc5 Nxc5 11. b4 Be6 12. Bxe6 Nxe6 13. Ne2 a5 14. a4 Ke7 15. Kc2 Nd7 16. Nd2 axb4 17. cxb4 Rhd8 18. Nc4 b5 19. axb5 cxb5 20. Na3 Rab8 21. Rhd1 Nf6 22. Rxd8 Kxd8 23. Rd1+ Ke7 24. Nc3 Nd4+ 25. Kb2 Ke6 26. Nc2 Nc6 27. Nd5 Ne8 28. Kb3 g6 29. Ne1 Nd4+ 30. Kb2 Nd6 31. Nd3 Nc4+ 32. Kc3 Ne2+ 33. Kb3 Nd4+ 34. Kc3 1/2-1/2

[Event "EU-ch (Women) 10th"]
[Site "St Petersburg"]
[Date "2009.03.08"]
[Round "1"]
[White "Fominykh, Maria"]
[Black "Della Rossa, Anastasia"]
[Result "1-0"]
[WhiteElo "2280"]
[BlackElo "1868"]
[PlyCount "65"]
[EventDate "2009.03.08"]
[EventType "swiss"]
[EventRounds "11"]
[EventCountry "RUS"]
[SourceTitle "CBM 129 Extra"]
[Source "ChessBase"]
[SourceDate "2009.05.05"]
[SourceVersion "2"]
[SourceVersionDate "2009.05.20"]
[SourceQuality "1"]

1. d4 Nf6 2. Nf3 g6 3. g3 Bg7 4. Bg2 0-0 5. c4 c5 6. d5 d6 7. Nc3 a6 8. 0-0 Bd7 9. a4 a5 10. h3 Qc8 11. Kh2 e5 12. dxe6 Bxe6 13. Qb3 Nc6 14. Bf4 Rd8 15. Rfd1 Bf8 16. Bg5 Be7 17. Nb5 Qb8 18. Rac1 Ne4 19. Bxe7 Nxe7 20. Qe3 Nf6 21. Ng5 Nf5 22. Qf3 d5 23. Nxe6 fxe6 24. cxd5 exd5 25. Rxc5 Qe5 26. Qc3 Qxe2 27. Qxf6 Qxd1 28. Rc7 Qh5 29. Qe6+ Kh8 30. Qe5+ Kg8 31. g4 Qh4 32. gxf5 Qh6 33. f6 1-0

[Event "RUS-ch (Women) 1st League 59th"]
[Site "Smolensk"]
[Date "2009.03.03"]
[Round "6"]
[White "Schepetkova, Margarita"]
[Black "Della Rossa, Anastasia"]
[Result "1-0"]
[WhiteElo "2190"]
[BlackElo "1868"]
[PlyCount "63"]
[EventDate "2009.02.26"]
[EventType "team-tourn"]
[EventRounds "9"]
[EventCountry "RUS"]
[SourceTitle "CBM 129 Extra"]
[Source "ChessBase"]
[SourceDate "2009.05.05"]
[SourceVersion "2"]
[SourceVersionDate "2009.05.20"]
[SourceQuality "1"]

1. e4 e5 2. Nf3 Nc6 3. Bc4 Nf6 4. d3 d6 5. a4 Be7 6. 0-0 0-0 7. Re1 Bg4 8. h3 Be6 9. Nbd2 Na5 10. Bxe6 fxe6 11. c3 c5 12. b4 cxb4 13. cxb4 Nc6 14. b5 Nd4 15. Nxd4 exd4 16. Qb3 Qd7 17. Nf3 Kh8 18. Nxd4 e5 19. Nf5 Rac8 20. Ba3 Rfd8 21. Rac1 Bf8 22. Ne3 Rxc1 23. Rxc1 Rc8 24. Rxc8 Qxc8 25. Qf7 Nd7 26. Nd5 Qd8 27. Kh2 a6 28. Bb2 axb5 29. axb5 Nc5 30. d4 exd4 31. Bxd4 Nxe4 32. Ne7 1-0

[Event "RUS-ch (Women) 1st League 59th"]
[Site "Smolensk"]
[Date "2009.03.02"]
[Round "5"]
[White "Della Rossa, Anastasia"]
[Black "Sukhareva, Valentina"]
[Result "1-0"]
[WhiteElo "1868"]
[BlackElo "2078"]
[PlyCount "89"]
[EventDate "2009.02.26"]
[EventType "team-tourn"]
[EventRounds "9"]
[EventCountry "RUS"]
[SourceTitle "CBM 129 Extra"]
[Source "ChessBase"]
[SourceDate "2009.05.05"]
[SourceVersion "2"]
[SourceVersionDate "2009.05.20"]
[SourceQuality "1"]

1. e4 e5 2. f4 Qh4+ 3. g3 Qe7 4. d3 exf4 5. Bxf4 Qb4+ 6. Nc3 Qxb2 7. Nd5 Bb4+ 8. Ke2 Ba5 9. Bxc7 Qa3 10. Rb1 Nc6 11. Nf3 Nge7 12. Bxa5 Qxa5 13. Nxe7 Nxe7 14. Bg2 0-0 15. Rb2 f5 16. exf5 Nxf5 17. Re1 Nd4+ 18. Kf1 Qh5 19. Re3 d6 20. c3 Nxf3 21. Bxf3 Bh3+ 22. Kg1 Qc5 23. d4 Qg5 24. Qe1 b6 25. Rf2 h5 26. Bxa8 Rxa8 27. Re8+ Rxe8 28. Qxe8+ Kh7 29. Qe4+ Kg8 30. Qf4 Qe7 31. Qd2 d5 32. Re2 Qf7 33. Qf4 Qg6 34. Qb8+ Kh7 35. Qe8 Qf5 36. Re1 a6 37. Qe5 Qf3 38. Qe2 Qf7 39. Qxa6 h4 40. Qd3+ g6 41. Qe3 Qf5 42. Qe7+ Kg8 43. Qe8+ Kg7 44. Re7+ Kh6 45. Qh8+ 1-0

[Event "Moscow op (Women)"]
[Site "Moscow"]
[Date "2009.02.08"]
[Round "9"]
[White "Bogumil, Tatiana"]
[Black "Della Rossa, Anastasia"]
[Result "1/2-1/2"]
[WhiteElo "2218"]
[BlackElo "1868"]
[PlyCount "90"]
[EventDate "2009.01.31"]
[EventType "swiss"]
[EventRounds "9"]
[EventCountry "RUS"]
[SourceTitle "EXT 2012"]
[Source "ChessBase"]
[SourceDate "2011.11.24"]
[SourceVersion "1"]
[SourceVersionDate "2011.11.24"]
[SourceQuality "1"]

1. Nf3 g6 2. d4 Bg7 3. e4 d6 4. c4 e6 5. Nc3 Ne7 6. Be2 b6 7. 0-0 Bb7 8. Bg5 h6 9. Be3 0-0 10. Qd2 Kh7 11. Rad1 Nd7 12. Qc1 a6 13. Rfe1 Qe8 14. Bd3 Rc8 15. h4 e5 16. Nd5 Nxd5 17. cxd5 c5 18. dxc6 Bxc6 19. Qb1 Bb7 20. h5 g5 21. d5 Qd8 22. Be2 Nf6 23. Nh2 b5 24. Nf1 Ng8 25. Bg4 Ra8 26. Ng3 Ne7 27. Rc1 Bc8 28. f3 Bxg4 29. fxg4 Qd7 30. Nf5 Nxf5 31. gxf5 Rac8 32. Rxc8 Rxc8 33. Rc1 Bf6 34. Rxc8 Qxc8 35. Qc1 Qxc1+ 36. Bxc1 Kg8 37. Be3 Be7 38. f6 Bxf6 39. Bb6 Kf8 40. Kf2 Ke7 41. Kf3 Kd7 42. Kg4 Bg7 43. b4 Ke8 44. Kf5 Kd7 45. a3 Ke8 1/2-1/2

[Event "Moscow op (Women)"]
[Site "Moscow"]
[Date "2009.02.05"]
[Round "6"]
[White "Della Rossa, Anastasia"]
[Black "Krasenkova, Ilena"]
[Result "0-1"]
[WhiteElo "1868"]
[BlackElo "2170"]
[PlyCount "94"]
[EventDate "2009.01.31"]
[EventType "swiss"]
[EventRounds "9"]
[EventCountry "RUS"]
[SourceTitle "EXT 2012"]
[Source "ChessBase"]
[SourceDate "2011.11.24"]
[SourceVersion "1"]
[SourceVersionDate "2011.11.24"]
[SourceQuality "1"]

1. e4 c6 2. Nc3 d5 3. Nf3 d4 4. Ne2 c5 5. d3 Nc6 6. g3 e5 7. Bg2 Be7 8. 0-0 h5 9. h3 g5 10. Ne1 Bd7 11. f4 h4 12. f5 hxg3 13. Nxg3 Qb6 14. Nf3 0-0-0 15. Nxg5 Rf8 16. Nf3 Nf6 17. Kf2 Rfg8 18. Rg1 c4 19. Rb1 Qd8 20. Nh1 Nh5 21. Ke2 Rg7 22. Kf1 Qa5 23. a3 cxd3 24. cxd3 Kb8 25. b4 Qc7 26. Bd2 Nf4 27. Bxf4 exf4 28. Rc1 Qd6 29. Nf2 Rg3 30. Ng4 f6 31. Kf2 Ne5 32. Ngxe5 fxe5 33. Bf1 Rxg1 34. Kxg1 a6 35. Qc2 Rc8 36. Qd2 Rg8+ 37. Bg2 Bf6 38. Qf2 Qe7 39. Kf1 Bb5 40. Ne1 Bh4 41. Qc2 Qg7 42. a4 Bxa4 43. Qe2 Bb5 44. Rc2 Bxe1 45. Kxe1 Qg3+ 46. Qf2 Qxd3 47. Bf3 Rg3 0-1

[Event "Moscow op (Women)"]
[Site "Moscow"]
[Date "2009.01.31"]
[Round "1"]
[White "Della Rossa, Anastasia"]
[Black "Borisova, Elizaveta"]
[Result "1-0"]
[WhiteElo "1868"]
[BlackElo "2270"]
[PlyCount "59"]
[EventDate "2009.01.31"]
[EventType "swiss"]
[EventRounds "9"]
[EventCountry "RUS"]
[SourceTitle "EXT 2012"]
[Source "ChessBase"]
[SourceDate "2011.11.24"]
[SourceVersion "1"]
[SourceVersionDate "2011.11.24"]
[SourceQuality "1"]

1. e4 c5 2. Nc3 Nc6 3. g3 g6 4. Bg2 Bg7 5. d3 d6 6. f4 b6 7. Nf3 Bb7 8. 0-0 Qd7 9. Be3 Nh6 10. h3 f5 11. Qd2 0-0 12. Rae1 Nd4 13. Bxd4 cxd4 14. Ne2 Qb5 15. Nexd4 Qxb2 16. Ne6 Rfc8 17. c4 fxe4 18. Nxg7 Qxg7 19. Ng5 Nf5 20. g4 e3 21. Qc1 Bxg2 22. Kxg2 e2 23. Rxe2 Nd4 24. Ree1 Rf8 25. Qe3 e5 26. Qe4 h6 27. Qd5+ Kh8 28. fxe5 dxe5 29. Rf7 Rad8 30. Qb7 1-0

[Event "Vladimir op-B"]
[Site "Vladimir"]
[Date "2008.08.14"]
[Round "3"]
[White "Della Rossa, Anastasia"]
[Black "Kuznetsov, Vladimir3333"]
[Result "1-0"]
[WhiteElo "1879"]
[BlackElo "2057"]
[PlyCount "75"]
[EventDate "2008.08.12"]
[EventType "swiss"]
[EventRounds "10"]
[EventCountry "RUS"]
[SourceTitle "EXT 2022"]
[Source "ChessBase"]
[SourceDate "2021.10.06"]
[SourceVersion "1"]
[SourceVersionDate "2021.10.06"]
[SourceQuality "1"]

1. e4 d6 2. d4 g6 3. g3 Bg7 4. Bg2 Nf6 5. c3 Nbd7 6. f4 c5 7. e5 dxe5 8. dxe5 Ng8 9. Be3 Rb8 10. Ne2 b6 11. Bc6 e6 12. Na3 Ne7 13. Ba4 0-0 14. Qd2 a6 15. 0-0-0 b5 16. Bc2 Qc7 17. Be4 Nb6 18. Qd6 Qxd6 19. exd6 Ned5 20. Bxc5 Bb7 21. Bxd5 Bxd5 22. Rhe1 Nd7 23. Bb4 Bxa2 24. Nd4 Bd5 25. Nac2 Rb6 26. Ne3 a5 27. Bxa5 Rxd6 28. Bb4 Bxd4 29. Rxd4 Ra6 30. Bxf8 Kxf8 31. Nxd5 exd5 32. Rxd5 Nf6 33. Rxb5 Ng4 34. Re2 Nf6 35. c4 Nd7 36. c5 Rc6 37. b4 Nf6 38. Rb6 1-0

[Event "Moscow op1"]
[Site "Moscow"]
[Date "2007.10.20"]
[Round "6"]
[White "Della Rossa, Anastasia"]
[Black "Rozhkov, Viacheslav"]
[Result "0-1"]
[WhiteElo "1890"]
[BlackElo "2230"]
[PlyCount "64"]
[EventDate "2007.10.07"]
[EventType "swiss"]
[EventRounds "9"]
[EventCountry "RUS"]
[SourceTitle "EXT 2009"]
[Source "ChessBase"]
[SourceDate "2008.11.26"]
[SourceVersion "1"]
[SourceVersionDate "2008.11.26"]
[SourceQuality "1"]

1. e4 c5 2. Nc3 Nc6 3. g3 g6 4. Bg2 Bg7 5. d3 e6 6. Nge2 Nge7 7. 0-0 0-0 8. Be3 Nd4 9. Qd2 f5 10. h3 d6 11. g4 fxg4 12. hxg4 Nf3+ 13. Bxf3 Rxf3 14. Kg2 Rf7 15. Bh6 Bh8 16. Rh1 e5 17. f3 Be6 18. Ng3 Nc6 19. Nce2 d5 20. Raf1 Qd7 21. f4 Bxg4 22. f5 dxe4 23. Nxe4 Rxf5 24. Ng1 Rxf1 25. Kxf1 Nd4 26. Qg5 Qf5+ 27. Qxf5 Bxf5 28. Nxc5 Rc8 29. Ne4 Rxc2 30. Be3 Bxe4 31. dxe4 Rxb2 32. a4 h5 0-1

[Event "Nachod op"]
[Site "Nachod"]
[Date "2006.07.01"]
[Round "1"]
[White "Della Rossa, Anastasia"]
[Black "Pribyl, Jaroslav"]
[Result "0-1"]
[WhiteElo "1917"]
[BlackElo "2061"]
[PlyCount "84"]
[EventDate "2006.07.01"]
[EventType "swiss"]
[EventRounds "9"]
[EventCountry "CZE"]
[SourceTitle "CBM 113 Extra"]
[Source "ChessBase"]
[SourceDate "2006.09.14"]
[SourceVersion "1"]
[SourceVersionDate "2006.09.14"]
[SourceQuality "1"]

1. e4 c6 2. Nc3 d5 3. Nf3 dxe4 4. Nxe4 Bg4 5. h3 Bxf3 6. Qxf3 Nd7 7. d4 Ngf6 8. c3 Nxe4 9. Qxe4 Nf6 10. Qc2 e6 11. Bd3 Be7 12. Bf4 Nd5 13. Be5 Bf6 14. Bh2 Qa5 15. 0-0 g6 16. Rad1 0-0 17. a3 Rfd8 18. Be2 Rd7 19. Rfe1 Rc8 20. Be5 Qd8 21. Bxf6 Qxf6 22. g3 Qg5 23. Kh2 c5 24. dxc5 Rxc5 25. Qa4 b5 26. Bxb5 Nb6 27. Qa6 Rxd1 28. Rxd1 Rxb5 29. Qxa7 Rxb2 30. Kg2 Qf5 31. Rf1 Qe4+ 32. Kg1 Qe2 33. a4 Ra2 34. a5 Nc4 35. a6 Nd2 36. Rc1 Nf3+ 37. Kg2 e5 38. Qb6 Kg7 39. a7 Nd4 40. Rf1 Qf3+ 41. Kg1 Ne2+ 42. Kh2 Nxg3 0-1